Quizzotica anant (Record no. 97106)

MARC details
000 -LEADER
fixed length control field nam a22 4500
005 - DATE AND TIME OF LATEST TRANSACTION
control field 20181004143247.0
008 - FIXED-LENGTH DATA ELEMENTS--GENERAL INFORMATION
fixed length control field 181001b ||||| |||| 00| 0 eng d
020 ## - INTERNATIONAL STANDARD BOOK NUMBER
International Standard Book Number 9788172867225
080 ## - UNIVERSAL DECIMAL CLASSIFICATION NUMBER
Universal Decimal Classification number 001
Item number CHI R
100 ## - MAIN ENTRY--PERSONAL NAME
Personal name Chitra, Ramaswamy
245 ## - TITLE STATEMENT
Title Quizzotica anant
Remainder of title the ultimate quiz book
260 ## - PUBLICATION, DISTRIBUTION, ETC. (IMPRINT)
Place of publication, distribution, etc Bengaluru
Name of publisher, distributor, etc Prism books
Date of publication, distribution, etc 2014
300 ## - PHYSICAL DESCRIPTION
Extent 251p.
653 ## - INDEX TERM--UNCONTROLLED
Uncontrolled term General knowledge quiz
942 ## - ADDED ENTRY ELEMENTS (KOHA)
item type Reference
Holdings
Lost status Source of classification or shelving scheme Not for loan Home library Current library Date acquired Total Checkouts Full call number Barcode Date last seen Price effective from Koha item type
  Universal Decimal Classification   University Library University Library 01/10/2018   001 CHI R 00074732 01/10/2018 01/10/2018 Reference
University Library, CUSAT